| 000 | 00590cam a22002291 4500 | ||
|---|---|---|---|
| 001 | sa 67005432 | ||
| 003 | DLC | ||
| 005 | 20260227112357.0 | ||
| 008 | 890425s1965 ii ac b 000 0 telo | ||
| 010 | _asa 67005432 | ||
| 035 | _a(OCoLC)19602202 | ||
| 040 |
_aDLC _cWaU _dDLC |
||
| 042 | _apremarc | ||
| 050 | 0 | 0 |
_aDS481.P35 _bP425 |
| 100 | 1 | _aParthasarathy, N. C. S. | |
| 245 | 1 | 0 | _aSardār Paṭelu. |
| 260 | _c1965. | ||
| 300 |
_aii, 144 [1] p. _billus., ports. _c22 cm. |
||
| 500 | _aIn Telugu. | ||
| 504 | _aBibliography: p. [145] | ||
| 600 | 1 | 0 |
_aPatel, Vallabhbhai, _d1875-1950. |
| 999 |
_c75204 _d75204 |
||